| 000 | 00752nam a22002177a 4500 | ||
|---|---|---|---|
| 999 |
_c17622 _d17622 |
||
| 003 | AR-CdUCM | ||
| 008 | 190509b ||||| |||| 00| 0 spa d | ||
| 040 |
_aMUNICIPALIDAD PROVINCIAL DEL CUSCO _cBIBLIOTECA MUNICIPAL DEL CUSCO |
||
| 082 |
_a355.02 / _bV945 |
||
| 100 |
_aVon Clausewitz, Claus _937751 |
||
| 245 | _aArte y ciencia de la guerra / | ||
| 260 |
_aMéxico : _bGrijalbo, _c1972. |
||
| 300 |
_a157 páginas ; _c20 cm. |
||
| 440 |
_aColección 70 _ntercera serie _935453 |
||
| 505 | _aContenido : Teoría de la guerra -- Metodismo de la guerra --Esencia de la guerra. | ||
| 650 |
_aInvenciones en la guerra _937752 |
||
| 650 |
_aConflicto de intereses _937753 |
||
| 650 |
_aTreguas políticas _937754 |
||
| 942 |
_2ddc _cLIBROS |
||
| 945 | _arcc | ||